MARC details
| 000 -LEADER |
| fixed length control field |
01534nam a2200241 a 4500 |
| 008 - FIXED-LENGTH DATA ELEMENTS--GENERAL INFORMATION |
| fixed length control field |
150615s2011 ||||||||||||||||| || u |
| 020 ## - INTERNATIONAL STANDARD BOOK NUMBER |
| International Standard Book Number |
9780199276851 |
| 050 ## - LIBRARY OF CONGRESS CALL NUMBER |
| Classification number |
GN 282 Rea |
| 100 ## - MAIN ENTRY--PERSONAL NAME |
| Personal name |
Reader, John |
| 245 10 - TITLE STATEMENT |
| Title |
Missing links in search of human origins |
| Statement of responsibility, etc. |
by John Reader |
| 260 ## - PUBLICATION, DISTRIBUTION, ETC. |
| Place of publication, distribution, etc. |
Oxford: |
| Name of publisher, distributor, etc. |
Oxford University Press |
| Date of publication, distribution, etc. |
2011 |
| 300 ## - PHYSICAL DESCRIPTION |
| Extent |
xvii, 538p.: ill |
| 350 ## - |
| -- |
34.95 |
| 650 ## - SUBJECT ADDED ENTRY--TOPICAL TERM |
| Topical term or geographic name entry element |
ANTHROPOLOGY, PREHISTORIC |
| 650 ## - SUBJECT ADDED ENTRY--TOPICAL TERM |
| Topical term or geographic name entry element |
FOSSIL HOMINIDS |
| 650 ## - SUBJECT ADDED ENTRY--TOPICAL TERM |
| Topical term or geographic name entry element |
PALEOANTHROPOLOGY--HISTORY |
| 995 ## - |
| -- |
MEDICAL LIBRARY OPEN ACCESS |
| -- |
903128 |
| -- |
CBU-SCHOOL OF MEDICINE LIBRARY (Ndola) |
| -- |
34.95 |
| -- |
GN 282 Rea |
| -- |
6 |
| -- |
AVAILABLE |
| -- |
Aug 20, 2015 |
| -- |
903128 |
| -- |
Medical Library Open Access Collection |
| 995 ## - |
| -- |
ANNEX COLLECTION (Main Library) |
| -- |
745625 |
| -- |
CBU-MAIN LIBRARY (Kitwe) |
| -- |
34.95 |
| -- |
GN 282 Rea |
| -- |
3 |
| -- |
AVAILABLE |
| -- |
Aug 20, 2015 |
| -- |
745625 |
| -- |
Annex Low-Usage Collection |
| 995 ## - |
| -- |
MAIN LIBRARY OPEN ACCESS |
| -- |
745626 |
| -- |
CBU-MAIN LIBRARY (Kitwe) |
| -- |
34.95 |
| -- |
GN 282 Rea |
| -- |
4 |
| -- |
AVAILABLE |
| -- |
Aug 20, 2015 |
| -- |
745626 |
| -- |
Main Library Open Access Collection |
| 995 ## - |
| -- |
ANNEX COLLECTION (Main Library) |
| -- |
745623 |
| -- |
CBU-MAIN LIBRARY (Kitwe) |
| -- |
34.95 |
| -- |
GN 282 Rea |
| -- |
1 |
| -- |
AVAILABLE |
| -- |
Aug 20, 2015 |
| -- |
745623 |
| -- |
Annex Low-Usage Collection |
| 995 ## - |
| -- |
MAIN LIBRARY OPEN ACCESS |
| -- |
745624 |
| -- |
CBU-MAIN LIBRARY (Kitwe) |
| -- |
34.95 |
| -- |
GN 282 Rea |
| -- |
2 |
| -- |
AVAILABLE |
| -- |
Aug 20, 2015 |
| -- |
745624 |
| -- |
Main Library Open Access Collection |
| 995 ## - |
| -- |
MEDICAL LIBRARY OPEN ACCESS |
| -- |
903127 |
| -- |
CBU-SCHOOL OF MEDICINE LIBRARY (Ndola) |
| -- |
34.95 |
| -- |
GN 282 Rea |
| -- |
5 |
| -- |
AVAILABLE |
| -- |
Aug 20, 2015 |
| -- |
903127 |
| -- |
Medical Library Open Access Collection |
| 999 ## - |
| -- |
77698 |
| -- |
77698 |